000 004040000a22001690004500
003 MACL
005 20160103123831.0
008 160103b xxu||||| |||| 00| 0 eng d
040 _aMACL
_cMACL
041 _aEnglish
082 _a823/GAR
100 _aGarnett, Constance
_927641
245 _aAnna Kareni
260 _bThe Modern Library
_aNew York
650 _aNovel
_9153
942 _cBK
_k823/Gar
_2ddc
999 _c36687
_d36687